000 00431nmm a2200157Ia 4500
008 251105s9999||||xx |||||||||||||||||und||
020 _a9781671921443
041 _aspa
100 _aSierra i Fabra, Jordi
245 0 _aEl último set
264 _a[Madrid, España] :
_bEditorial SiF,
_c2019
300 _a292 páginas
650 _aSpanish narrative
856 _uhttps://public.digitaliapublishing.com/a/98931
942 _cCF
999 _c75323
_d75323